Una encuesta a los trabajadores de la Ciudad de Panamá

Guardado en:
書目詳細資料
主要作者: Saavedra, Alejandro
格式: Texto
出版: Panamá: CELA "Justo Arosemena"
標簽: 添加標簽
沒有標簽, 成為第一個標記此記錄!

MARC

LEADER 00000 a a2200000 04500
001 15815
003
040
090 |a 016600  
100 |a Saavedra, Alejandro  
245 |a Una encuesta a los trabajadores de la Ciudad de Panamá  
260 |a Panamá:   |b CELA "Justo Arosemena"  
300 |a 24 p.  
999 |c 1641  |d 1641